Cómo escribir un artículo de investigación en inglés
محفوظ في:
| المؤلف الرئيسي: | |
|---|---|
| التنسيق: | كتاب |
| اللغة: | الإسبانية |
| منشور في: |
Madrid
Alianza Editorial
2002
|
| الطبعة: | 1a. ed |
| الموضوعات: | |
| الوسوم: |
إضافة وسم
لا توجد وسوم, كن أول من يضع وسما على هذه التسجيلة!
|
MARC
| LEADER | 00000cam a2200000 a 4500 | ||
|---|---|---|---|
| 001 | UCE7794 | ||
| 003 | CL-VaPUC | ||
| 008 | 150703e20020000sp |||||||||||||||||spa|d | ||
| 020 | |a 8420657743 | ||
| 082 | 0 | 4 | |a 001.42 |b FOR |2 21 |
| 100 | 0 | |a Fortanet Gómez, Inmaculada |e author |9 580517 | |
| 245 | 1 | 0 | |a Cómo escribir un artículo de investigación en inglés |
| 250 | |a 1a. ed | ||
| 300 | |a 218 p | ||
| 942 | |c BK | ||
| 945 | |d 20150703 10:05:00 |a gsalatino | ||
| 260 | |a Madrid |b Alianza Editorial |c 2002 | ||
| 650 | 0 | |a Redacción técnica |9 259855 | |
| 650 | 7 | |a REDACCION DE INFORMES |2 CL-VaPUC |9 580518 | |
| 650 | 0 | |a Lengua inglesa |9 318842 | |
| 583 | |a last modification |c 20150703 10:05:00 |k Rodrigo Vera | ||
| 999 | |c 359818 |d 359816 | ||
| 952 | |0 0 |1 0 |3 erb |4 0 |6 001_420000000000000_FOR_2002 |7 0 |8 A |9 469369 |a BIBGIM |b BIBGIM |i 5166047 |l 1 |m 2 |o 001.42 FOR 2002 |p 5166047 |r 2025-01-15 |s 2024-04-23 |w 2019-11-23 |y BK |z Catalogado en:20150703 |k COM | ||